000 00399nam a22001337a 4500
020 _qPB.
040 _cFIZZA ISHAQ
082 _a616.8914
_bDAV
100 _aPH.D.REYNOLDS,K.DAVID.
_9133570
245 _aWATER BEARS NO SCARS JAPANESE LIFEWAYS FOR PERSONAL GROWTH /
_cDAVID K.REYNOLDS,PH.D.
260 _aNEW YORK ;
_bWilliam Morrow & Co.
_c1987.
300 _a156 P. ;
_c8.1X5.4IN
942 _2ddc
_cBK
999 _c616510
_d616510